The consumer price index; (Record no. 36822)
[ view plain ]
| 000 -LEADER | |
|---|---|
| fixed length control field | 00758cam a22002411 4500 |
| 001 - CONTROL NUMBER | |
| control field | l 53000179 |
| 003 - CONTROL NUMBER IDENTIFIER | |
| control field | DLC |
| 005 - DATE AND TIME OF LATEST TRANSACTION | |
| control field | 20260227111543.0 |
| 008 - FIXED-LENGTH DATA ELEMENTS--GENERAL INFORMATION | |
| fixed length control field | 871211s1953 dcua f000 0 eng |
| 010 ## - LIBRARY OF CONGRESS CONTROL NUMBER | |
| LC control number | l 53000179 |
| 035 ## - SYSTEM CONTROL NUMBER | |
| System control number | (OCoLC)17222865 |
| 040 ## - CATALOGING SOURCE | |
| Original cataloging agency | DLC |
| Transcribing agency | AU |
| Modifying agency | OCoLC |
| -- | DLC |
| 042 ## - AUTHENTICATION CODE | |
| Authentication code | premarc |
| 050 00 - LIBRARY OF CONGRESS CALL NUMBER | |
| Classification number | HD8051 |
| Item number | .A62 no. 1140 |
| 082 ## - DEWEY DECIMAL CLASSIFICATION NUMBER | |
| Classification number | 338.528* |
| 100 1# - MAIN ENTRY--PERSONAL NAME | |
| Personal name | Bedell, Mary S. |
| 245 14 - TITLE STATEMENT | |
| Title | The consumer price index; |
| Remainder of title | a layman's guide. |
| 260 ## - PUBLICATION, DISTRIBUTION, ETC. | |
| Place of publication, distribution, etc. | Washington, |
| Name of publisher, distributor, etc. | U.S. Govt. Print. Off. |
| Date of publication, distribution, etc. | [1953] |
| 300 ## - PHYSICAL DESCRIPTION | |
| Extent | v, 34 p. |
| Other physical details | illus. |
| Dimensions | 20 cm. |
| 410 10 - SERIES STATEMENT/ADDED ENTRY--CORPORATE NAME [OBSOLETE, CAN/MARC], [LOCAL, USA] | |
| Corporate name or jurisdiction name as entry element | United States. |
| Subordinate unit | Bureau of Labor Statistics. |
| Title of a work | Bulletin ; |
| Volume number/sequential designation | no. 1140 |
| 504 ## - BIBLIOGRAPHY, ETC. NOTE | |
| Bibliography, etc. note | Bibliography: p. 34. |
| 610 10 - SUBJECT ADDED ENTRY--CORPORATE NAME | |
| Corporate name or jurisdiction name as entry element | United States. |
| Subordinate unit | Bureau of Labor Statistics. |
| Title of a work | Consumer price index. |
No items available.